Visualizzazione normale
Vista MARC
- Simonetti Claudio
di Personal Name
Records bibliografici associati: 1
001 - CONTROL NUMBER
- control field: 19215
003 - CONTROL NUMBER IDENTIFIER
- control field: IT-RoPau
005 - DATE AND TIME OF LATEST TRANSACTION
- control field: 20140407154304.0
008 - FIXED-LENGTH DATA ELEMENTS
- fixed length control field: 140407|| aca||aabn | a|a d
040 ## - CATALOGING SOURCE
- Original cataloging agency: IT-RoPau
- Transcribing agency: IT-RoPau
100 ## - HEADING--PERSONAL NAME
- Personal name: Simonetti Claudio
- Dates associated with a name: Codice autore musica SPICS: 15928
- Relator term: Autore musica
- Name of part/section of a work: Profondo rosso - Suspiria - Zombi - Tenebre - Phenomena - Sleepwalking
670 ## - SOURCE DATA FOUND
- Source citation: Work cat.: (IT-RoPau)99862: AA.VV. 794, Argento vivo